Bundesliga Top-Torschützen Borussia Mönchengladbach nach Saison - Statistiken

Allgemein
  • Dieses Quiz wurde 129 mal gespielt
  • Das Durchschnittsergebnis liegt bei 15 aus 23
Antwortstatistiken
Saison Anzahl Tore Nationalität Antwort % Korrekt
2019/2020 10 Frankreich / Frankreich Alassane Pléa / Marcus Thuram
98%
2018/2019 12 Frankreich Alassane Pléa
97%
2013/2014 14 Brasilien Raffael
92%
2014/2015 12 Brasilien Raffael
92%
2015/2016 13 Brasilien Raffael
92%
2016/2017 11 Deutschland Lars Stindl
89%
2020/2021 14 Deutschland Lars Stindl
89%
2017/2018 10 Belgien Thorgan Hazard
86%
2021/2022 12 Deutschland Jonas Hofmann
82%
2009/2010 jeweils 8 Deutschland / Niederlande Marco Reus / Roel Brouwers
75%
2010/2011 10 Deutschland Marco Reus
74%
2011/2012 18 Deutschland Marco Reus
74%
2012/2013 jeweils 6 Deutschland / Niederlande Patrick Herrmann / Luuk de Jong
69%
2006/2007 jeweils 4 Brasilien / Deutschland Kahê / Oliver Neuville
47%
2004/2005 12 Deutschland Oliver Neuville
45%
2005/2006 10 Deutschland Oliver Neuville
45%
1999/2000 19 Niederlande Arie van Lent
42%
2000/2001 14 Niederlande Arie van Lent
42%
2001/2002 12 Niederlande Arie van Lent
42%
2003/2004 jeweils 9 Niederland / Tschechien Arie van Lent / Vaclav Sverkov
42%
2008/2008 18 Kanada Rob Friend
39%
2008/2009 7 Kanada Rob Friend
39%
2002/2003 jeweils 7 Slowakei / Finnland Igor Demo / Mikael Forssell
30%
Keine übereinstimmenden Quizze gefunden
Verteilung der Resultate
Anzahl Personen mit jedem Resultat
Perzentil nach korrekt beantworteten Fragen
Ihre Resultats-Entwicklung
Sie haben dieses Quiz noch nicht gespielt